000 01900cad a22001935a 4500
001 L140063
008 070903e20070522xxk f v 000 0 eng d
035 _a(Sirsi) u140063
041 0 _aeng
245 0 0 _aTrans-World Investments Ltd v Anita Dadarwalla
_h[electronic resource]
260 _c2007
520 _a[2007] EWCA Civ 480, 22 May 2007. Appeal against a judgment which fixed the market rent on the grant of a new business tenancy without consideration of the previous rent or the rent payable for the adjoining property. Landlord (T) let a lock-up shop to tenant (D), the term of the lease expired, and the parties could not agree the rent. The rent payable under the old tenancy was £6 250. T's expert argued the new annual rent should be £7 850, based on the adjoining property's rent, but D's expert argued this was not in line with others in the area and the new rent should be £3 150. The judge accepted the previous rent was a significant factor, but placed no reliance on it as he had no evidence on how it was agreed, and disregarded the rent of the adjoining property, setting the new rent at £3 937.50 a year. T appealed, contending the previous rent of £6 250 should be the starting point for the new rent and that the judge had failed to taken into consideration the rent of the adjoining property. "Held": the judge had been wrong and both the rent previously payable and the rent for the adjoining property were relevant valuation evidence of the market rent. D was ordered to pay T's costs.
590 _aKA
650 2 4 _aTRANS-WORLD INVESTMENTS LTD V DADARWALLA
651 4 _aEngland and Wales
_y1543-
690 _aPROPERTY-COMMERCIAL PROPERTY-COMMERCIAL LANDLORD AND TENANT-BUSINESS TENANCIES-RENT REVIEW (BUSINESS TENANCIES)
856 4 0 _uhttps://www.bailii.org/ew/cases/EWCA/Civ/2007/480.html
_zView the judgment free of charge at www.bailii.org...
942 _n0
999 _c79177
_d79177